| 000 | 01024nam a22002297a 4500 | ||
|---|---|---|---|
| 999 |
_c55171 _d55171 |
||
| 005 | 20220601112331.0 | ||
| 008 | s2551 th tha d | ||
| 020 | _a9789742127176 | ||
| 040 | _aNALT | ||
| 041 | 1 |
_atha _heng |
|
| 050 |
_aHG 179 _bฮ853ค 2551 |
||
| 100 | 1 |
_aแฮมมอนด์, บ็อบ _938569 |
|
| 245 | 1 | 0 |
_aเครคิตดีต้องรักษา มีปัญหาต้องแก้ไข = _bRepair your own credit / _cโดย Bob Hammond ; เรียบเรียงโดย ภูริทัต ทองปรีชา. |
| 260 |
_aกรุงเทพฯ : _bซีเอ็ดยูเคชั่น, _c2551. |
||
| 300 |
_a273 หน้า ; _b _c21 ซม. |
||
| 650 | 0 |
_aการเงินส่วนบุคคล _93780 |
|
| 700 | 1 |
_938570 _aHammond, Bob |
|
| 700 | 0 |
_938571 _aภูริทัต ทองปรีชา |
|
| 850 | _aNALT | ||
| 942 |
_cGB _2lcc |
||
| 998 |
_j1020 _k จำเรียง ระวังสำโรง |
||